banner-ar

DER GE WOHNLICHE SEHRECKEN HORRORGES CHICTEN / (Record no. 13731)

MARC details
000 -الفاتح
حقل البيانات ثابتة الطول 00460nam a2200181Ia 4500
040 ## - مصدر الفهرسة
وكالة الفهرسة الأصلية GCL /
وكالة النسخ GCL
082 04 - رقم تصنيف ديوى العشرى
رقم التصنيف 863
رقم المادة H G
100 1# - المدخل الرئيسى - إسم شخصى
الإسم الشخصى HANDKE, PETER
245 10 - بيان العنوان
العنوان DER GE WOHNLICHE SEHRECKEN HORRORGES CHICTEN /
بيان المسئوليه,etc HANDKE, PETER
260 ## - PUBLICATION, DISTRIBUTION, ETC. (IMPRINT)
تاريخ النشر أو التوزيع 1971
300 ## - الوصف المادى
التعداد 168 P
650 04 - المدخل الاضافى بالموضوع-مصطلح موضوعى
مصطلح موضوعي LITERATURE
650 04 - المدخل الاضافى بالموضوع-مصطلح موضوعى
مصطلح موضوعي FICTION
650 04 - المدخل الاضافى بالموضوع-مصطلح موضوعى
مصطلح موضوعي GERMAN FICTION
650 04 - المدخل الاضافى بالموضوع-مصطلح موضوعى
مصطلح موضوعي GERMAN LITERATURE
942 ## - عناصر المدخل الإضافي( كوها)
مصدر التصنيف او مخطط الترفيف Dewey Decimal Classification
Koha [default] item type كتاب
260 ## - PUBLICATION, DISTRIBUTION, ETC. (IMPRINT)
-- [S.N] :
-- DEUTSCHER TASCHENBUCH VERLAG ،
Holdings
حالة التراجع حالة الفقد حالة تلف ليس للاعارة المكان المؤقت الموقع الحالى تاريخ الاكتساب اجمالي اﻻعارات رقم الطلب الباركود تاريخ اخر مشاهدة تاريخ تفعيل السعر نوع وعاء كوها
        مكتبة القاهرة الكبرى مكتبة القاهرة الكبرى 03/26/2014   863\H G 26104 03/26/2014 03/26/2014 كتاب

Powered By

EGPV